| 000 | 00366nam a22000977a 4500 | ||
|---|---|---|---|
| 082 |
_a348.5491046 _bPAK |
||
| 245 |
_aPakistan Annual Law Digest 1977: _ba yearly publication containing digest of cases and statutes reported in important Legal journals during the year / |
||
| 260 |
_aLahore : _bPLD Publishers, _c1977. |
||
| 300 |
_a987 p. ; _c24 cm. |
||
| 942 |
_2ddc _cCR _s1 |
||
| 999 |
_c593122 _d593122 |
||